000 00562nam a2200181Ia 4500
003 LDD
008 190117s9999 xx 000 0 und d
020 _a8189537873
_c₹990
040 _cLDD
041 _ahi
082 _a294.38 सा7601स
100 _aसाहा, रणजीत
245 0 _aसहज सिद्ध साधन विमर्श
_cरणजीत साहा
260 _aदिल्ली
_bयश पब्लिकेशन्स
_c2010
300 _a2खण्ड
904 _aReqst by : J.M. Parakh
942 _2ddc
_cH
999 _c173110
_d173110